[Event "Nordic-ch U13"]
[Site "Drammen"]
[Date "2017.02.19"]
[Round "6"]
[White "Jernberg, Christopher"]
[Black "Wartiovaara, Oliver"]
[Result "1/2-1/2"]
[WhiteElo "1616"]
[BlackElo "1684"]
[PlyCount "129"]
[EventDate "2017.02.17"]
[EventType "swiss"]
[EventRounds "6"]
[EventCountry "NOR"]
[SourceTitle "CBM 177 Extra"]
[Source "ChessBase"]
[SourceDate "2017.04.27"]
[SourceVersion "1"]
[SourceVersionDate "2017.04.27"]
[SourceQuality "1"]

1. e4 e6 2. d4 d5 3. Nd2 c5 4. Ngf3 Nc6 5. Bb5 a6 6. Bxc6+ bxc6 7. 0-0 Nf6 8. e5 Nd7 9. dxc5 Bxc5 10. Nb3 Be7 11. Re1 0-0 12. Bf4 a5 13. Nbd4 Qc7 14. Qd2 Ba6 15. Rad1 Rfb8 16. b3 Nc5 17. Qe3 Ne4 18. Nd2 c5 19. N4f3 Nxd2 20. Qxd2 c4 21. Qc1 a4 22. Nd2 cxb3 23. cxb3 Qa5 24. Qb2 Qb4 25. Be3 axb3 26. Nxb3 Bc4 27. Rb1 Ra3 28. Rec1 Bxb3 29. axb3 Rxb3 30. Qxb3 Qxb3 31. Rxb3 Rxb3 32. h3 Rb8 33. Ba7 Ra8 34. Bd4 Kf8 35. Kf1 Ke8 36. Rb1 Rc8 37. g3 Bc5 38. Rc1 Bxd4 39. Rxc8+ Ke7 40. f4 Be3 41. Ke2 d4 42. Rc7+ Kf8 43. Rb7 g6 44. Rb1 h5 45. Kf3 Kg7 46. g4 hxg4+ 47. hxg4 Bd2 48. Ke4 Be3 49. Rb2 Kf8 50. Rg2 Ke7 51. Rh2 Kf8 52. Rh1 Kg7 53. Rf1 Kg8 54. f5 gxf5+ 55. gxf5 exf5+ 56. Rxf5 Kg7 57. Rf6 Bg1 58. Ra6 Be3 59. Ra7 Kg6 60. Ra6+ Kg7 61. e6 fxe6 62. Rxe6 Kf7 63. Rd6 Ke7 64. Rxd4 Bxd4 65. Kxd4 1/2-1/2

[Event "Nordic-ch U13"]
[Site "Drammen"]
[Date "2017.02.17"]
[Round "1"]
[White "Jernberg, Christopher"]
[Black "Davidsson, Oskar Vikingur"]
[Result "1-0"]
[WhiteElo "1616"]
[BlackElo "1840"]
[PlyCount "71"]
[EventDate "2017.02.17"]
[EventType "swiss"]
[EventRounds "6"]
[EventCountry "NOR"]
[SourceTitle "CBM 177 Extra"]
[Source "ChessBase"]
[SourceDate "2017.04.27"]
[SourceVersion "1"]
[SourceVersionDate "2017.04.27"]
[SourceQuality "1"]

1. e4 c5 2. Nf3 e6 3. c3 Nf6 4. e5 Nd5 5. Bc4 Nb6 6. Bb3 Nc6 7. d4 cxd4 8. cxd4 d6 9. 0-0 Be7 10. Nc3 0-0 11. Be3 dxe5 12. dxe5 Qc7 13. Re1 Rd8 14. Qc2 Na5 15. Rac1 Bd7 16. Red1 Bc6 17. Nb5 Qb8 18. Nbd4 Bd5 19. Bxd5 Rxd5 20. Nb3 Rxd1+ 21. Rxd1 Nxb3 22. Qxb3 Nd5 23. h3 h6 24. a3 b6 25. Rc1 Qb7 26. Nd4 Bc5 27. Rxc5 Qd7 28. Rc1 Nxe3 29. Qxe3 Qa4 30. Nc6 Qb5 31. Qe4 Re8 32. Qb4 Qe2 33. Nxa7 Qxe5 34. Qxb6 Rb8 35. Qxb8+ Qxb8 36. Rc8+ 1-0